| 000 | 02323nam a22002297a 4500 | ||
|---|---|---|---|
| 003 | URS | ||
| 005 | 20250210160554.0 | ||
| 008 | 250130b |||||||| |||| 00| 0 eng d | ||
| 050 | 0 | 0 |
_aLG 221.R59 _b.B591 2022 |
| 100 | 1 |
_aBlancaflor, Cecile Castro _eResearcher |
|
| 245 | 1 | 0 |
_aPagbuo at kabisaan ng e-silid-tanghalan sa pagtuturo ng ibong adarna sa Filipino 7/ _cCecile Castro Blancaflor |
| 260 | 1 | _c2022 | |
| 300 |
_axiii, 90 leaves _billustrations, _c28cm. |
||
| 336 |
_2rdacontent _atext |
||
| 337 |
_2rdamedia _aunmediated |
||
| 338 |
_2rdacarrier _avolume |
||
| 502 |
_aGS THESIS _bMaster sa Sining ng Pagtuturo Medyor sa Filipino _cUniversity of Rizal System, Rodriguez, Rizal _dyear of 2022 |
||
| 520 | _aAng pag-aaral na ito ay naglayong makabuo at malaman ang kabisaan ng E-silid-tanghalan sa Pagtuturo ng Ibong Adama sa Filipino 7 bilang suplemental na kagamitang pampagtuturo at pampagkatuto sa Obra Maestrang Ibong Adarna ng mga piling mag-aaral na nasa modang online distance learning sa Baitang 7 ng Paaralang Sekondarya ng Judge Feliciano Belmonte Sr, taong panuruan 2021-2022 Nakabuo ang mananaliksik ng E-silid-tanghalan mula sa mga paksang nakabatay sa mga kasanayan gamit ang google sites laman ang video ng mga pagtatanghal na shadow play, paper puppet show, powerpoint at video lesson, pagsasadula, mimesis, monologo, pagsasaboses o pagsasatinig ng mga ito ng mananaliksik at higit sa lahat paggamit ng iba't ibang multimedia at aplikasyon sa bawat kabanata sa pagtalakay sa mahahalagang pangyayari sa Ibong Adarna. Ipinabalideyt ang nabuong E-silid-tanghalan sa mga eksperto. Tinanggap at sinunod ang mga mungkahing pagbabago at pagsasaayos sa E-silid-tanghalan. Gumamit ang mananaliksik ng eksperimental na metodo sa pag-alam ng kabisaan ng E-silid-tanghalan, sa pamamagitan ng pagtatalaga ng dalawang grupo ng tagatugon. Ang pangkat eksperimental para gamitin ang binuong E-silid-tanghalan at pangkat kontrol upang turuan gamit ang modyul na parehong nasa online distance learning. Ang naging resulta ng istatistika na ginamit sa pagsusuri ng mga pagsusulit ng mga grupo ng tagatugon ang batayan ng kabisaan ng nilikhang E-silid-tanghalan. | ||
| 650 | _2kabisaan ng E-silid-tanghalan sa Pagtuturo Ibong Adama - Filipino 7 | ||
| 700 |
_aVillegas, Roger, C., Ph.D _eAdviser |
||
| 942 |
_2lcc _cT |
||
| 999 |
_c81956 _d81955 |
||